[Event "Solta op 8th"]
[Site "Grohote"]
[Date "2025.07.06"]
[Round "9"]
[White "Boric, Jakov"]
[Black "Petric, Roko"]
[Result "1/2-1/2"]
[WhiteElo "2033"]
[BlackElo "1880"]
[PlyCount "32"]
[EventDate "2025.06.29"]
[EventType "swiss"]
[EventRounds "9"]
[EventCountry "CRO"]
[SourceTitle "CB28_2025"]
[SourceDate "2025.07.09"]
[SourceVersion "1"]
[SourceVersionDate "2025.07.09"]
[SourceQuality "1"]

1. d4 d5 2. c4 c6 3. cxd5 cxd5 4. Nc3 Nf6 5. Nf3 Nc6 6. Bf4 Bf5 7. e3 e6 8. Bd3 Bxd3 9. Qxd3 Bd6 10. Bxd6 Qxd6 11. 0-0 0-0 12. Rac1 Rac8 13. e4 dxe4 14. Nxe4 Nxe4 15. Qxe4 h6 16. Rfd1 Rfd8 1/2-1/2

[Event "Hvar Arsenal op 3rd"]
[Site "Hvar"]
[Date "2024.10.15"]
[Round "2"]
[White "Ramaj, Ergit"]
[Black "Boric, Jakov"]
[Result "1/2-1/2"]
[WhiteElo "2220"]
[BlackElo "2046"]
[PlyCount "58"]
[EventDate "2024.10.14"]
[EventType "swiss"]
[EventRounds "9"]
[EventCountry "CRO"]
[SourceTitle "CB43_2024"]
[Source "Chessbase"]
[SourceDate "2024.10.23"]
[SourceVersion "1"]
[SourceVersionDate "2024.10.23"]
[SourceQuality "1"]

1. e4 c6 2. d4 d5 3. e5 Bf5 4. h4 h5 5. Bd3 Bxd3 6. Qxd3 e6 7. Nf3 Be7 8. Bg5 Nh6 9. Nbd2 Nf5 10. a3 Nd7 11. g3 c5 12. c3 c4 13. Qc2 b5 14. a4 a6 15. Bxe7 Kxe7 16. b3 Qb6 17. bxc4 bxc4 18. a5 Qc7 19. 0-0 Rhb8 20. Qa4 Rb5 21. Ne1 Nb8 22. Qa3+ Ke8 23. Ndf3 Nc6 24. Qc1 Qe7 25. Nc2 Nxa5 26. Qf4 Nb3 27. Ra2 a5 28. Ne3 Nh6 29. Ng5 Ra7 1/2-1/2

[Event "Split rapid op 6th"]
[Site "Split"]
[Date "2024.08.08"]
[Round "7"]
[White "Muha, Miljenko"]
[Black "Boric, Jakov"]
[Result "1-0"]
[WhiteElo "2183"]
[BlackElo "1992"]
[PlyCount "69"]
[EventDate "2024.08.08"]
[EventType "swiss (rapid)"]
[EventRounds "7"]
[EventCountry "CRO"]
[SourceTitle "CBM 221 Extra"]
[Source "ChessBase"]
[SourceDate "2024.09.30"]
[SourceVersion "1"]
[SourceVersionDate "2024.09.30"]
[SourceQuality "1"]

1. d4 d5 2. c4 c6 3. Nf3 Nf6 4. e3 g6 5. Nc3 Bg7 6. Be2 0-0 7. 0-0 Bg4 8. h3 Bxf3 9. Bxf3 e6 10. Qe2 Nbd7 11. Rd1 Qe7 12. e4 dxe4 13. Bxe4 Nxe4 14. Nxe4 h6 15. Nc3 Nb6 16. c5 Nd5 17. Nxd5 cxd5 18. Bf4 Rfe8 19. Bd6 Qh4 20. Qd3 Rad8 21. Rab1 Bf8 22. Bg3 Qh5 23. b4 Bg7 24. Bd6 Bf8 25. Bc7 Rc8 26. Bg3 Bg7 27. Rd2 Qf5 28. Qxf5 exf5 29. f3 Re3 30. Bf2 Ra3 31. b5 h5 32. Kf1 Bh6 33. Re2 Kf8 34. Bg3 Bg7 35. c6 1-0

[Event "CRO-ch U19"]
[Site "Split"]
[Date "2024.07.27"]
[Round "8"]
[White "Boric, Jakov"]
[Black "Kovac, Petar"]
[Result "1/2-1/2"]
[WhiteElo "2008"]
[BlackElo "2267"]
[PlyCount "57"]
[EventDate "2024.07.22"]
[EventType "swiss"]
[EventRounds "9"]
[EventCountry "CRO"]
[SourceTitle "CBM 221 Extra"]
[Source "ChessBase"]
[SourceDate "2024.09.30"]
[SourceVersion "1"]
[SourceVersionDate "2024.09.30"]
[SourceQuality "1"]

1. d4 Nf6 2. c4 e6 3. Nc3 d5 4. Bg5 dxc4 5. e3 c5 6. Bxc4 cxd4 7. exd4 Be7 8. Nf3 0-0 9. 0-0 Nc6 10. a3 b6 11. Qd3 Bb7 12. Rad1 Nd5 13. Bxd5 Bxg5 14. Be4 h6 15. d5 exd5 16. Bxd5 Na5 17. Qe4 Qc7 18. Nxg5 hxg5 19. Rd3 Rae8 20. Qg4 Qf4 21. Qxf4 gxf4 22. Bxb7 Nxb7 23. Rd7 Rb8 24. Nd5 Rfd8 25. Ne7+ Kf8 26. Rc7 Nd6 27. Nc6 Rbc8 28. Rxc8 Rxc8 29. Nb4 1/2-1/2

[Event "CRO-ch U19"]
[Site "Split"]
[Date "2024.07.26"]
[Round "7"]
[White "Martic, Filip"]
[Black "Boric, Jakov"]
[Result "1/2-1/2"]
[WhiteElo "1903"]
[BlackElo "2008"]
[PlyCount "97"]
[EventDate "2024.07.22"]
[EventType "swiss"]
[EventRounds "9"]
[EventCountry "CRO"]
[SourceTitle "CBM 221 Extra"]
[Source "ChessBase"]
[SourceDate "2024.09.30"]
[SourceVersion "1"]
[SourceVersionDate "2024.09.30"]
[SourceQuality "1"]

1. d4 d5 2. Nf3 Nf6 3. c4 c6 4. Nc3 dxc4 5. a4 Bf5 6. e3 e6 7. Bxc4 Bb4 8. 0-0 0-0 9. Qe2 Nbd7 10. Rd1 Bg6 11. Ne5 Qc7 12. Nxg6 hxg6 13. Bd2 Nb6 14. Bb3 a5 15. Rac1 Qd7 16. e4 Rfd8 17. Bg5 Be7 18. Be3 Ra6 19. f3 Qe8 20. Qf2 Nc8 21. Bc4 Ra8 22. Rd3 Bb4 23. Bg5 Ne7 24. Rcd1 Rd7 25. Bxf6 gxf6 26. Qh4 Kg7 27. f4 Qh8 28. Qf2 Qd8 29. Rg3 f5 30. Rh3 Ng8 31. e5 Qb6 32. Rhd3 Rad8 33. Ne2 Ne7 34. Qh4 Ng8 35. Qf2 Be7 36. b3 Qb4 37. Qe1 Qxe1+ 38. Rxe1 Bb4 39. Rc1 Ne7 40. Kf2 Nd5 41. Rcd1 Nc7 42. Rf3 c5 43. Rfd3 cxd4 44. Nxd4 Bc5 45. Ke3 Nd5+ 46. Kf3 Nb6 47. Nb5 Rxd3+ 48. Rxd3 Rxd3+ 49. Bxd3 1/2-1/2

[Event "CRO-ch U19"]
[Site "Split"]
[Date "2024.07.25"]
[Round "6"]
[White "Boric, Jakov"]
[Black "Jovcic, Luka"]
[Result "1/2-1/2"]
[WhiteElo "2008"]
[BlackElo "1943"]
[PlyCount "70"]
[EventDate "2024.07.22"]
[EventType "swiss"]
[EventRounds "9"]
[EventCountry "CRO"]
[SourceTitle "CBM 221 Extra"]
[Source "ChessBase"]
[SourceDate "2024.09.30"]
[SourceVersion "1"]
[SourceVersionDate "2024.09.30"]
[SourceQuality "1"]

1. d4 Nf6 2. c4 g6 3. Nc3 Bg7 4. e4 d6 5. h3 0-0 6. Bg5 Nbd7 7. Nf3 e5 8. d5 h6 9. Be3 a5 10. Be2 Ne8 11. g4 Nc5 12. Nd2 f5 13. f3 Nf6 14. Qc2 fxe4 15. Ndxe4 Nfxe4 16. Nxe4 Nxe4 17. Qxe4 Qh4+ 18. Bf2 Qg5 19. h4 Qf6 20. Be3 Bd7 21. 0-0-0 c6 22. Kb1 Rfc8 23. Bd3 cxd5 24. cxd5 Be8 25. g5 hxg5 26. Bxg5 Qf7 27. h5 gxh5 28. Qh7+ Kf8 29. Rdg1 Qxd5 30. Bd8 Bf7 31. b3 Rxd8 32. Qxg7+ Ke7 33. Bc4 Qxf3 34. Rf1 Qe4+ 35. Kc1 Qe3+ 1/2-1/2

[Event "CRO-ch U19"]
[Site "Split"]
[Date "2024.07.23"]
[Round "2"]
[White "Sedlacek, Dorijan"]
[Black "Boric, Jakov"]
[Result "0-1"]
[WhiteElo "1584"]
[BlackElo "2008"]
[PlyCount "62"]
[EventDate "2024.07.22"]
[EventType "swiss"]
[EventRounds "9"]
[EventCountry "CRO"]
[SourceTitle "CBM 221 Extra"]
[Source "ChessBase"]
[SourceDate "2024.09.30"]
[SourceVersion "1"]
[SourceVersionDate "2024.09.30"]
[SourceQuality "1"]

1. e4 c6 2. d4 d5 3. exd5 cxd5 4. Nf3 Nc6 5. Bb5 Bg4 6. Nc3 e6 7. 0-0 Bd6 8. Re1 Nge7 9. h3 Bxf3 10. Qxf3 0-0 11. Ne2 Qa5 12. Bf4 Bxf4 13. Bxc6 Bd2 14. Bxb7 Bxe1 15. Bxa8 Rxa8 16. Qd3 Bb4 17. c3 Bd6 18. Qd2 Rb8 19. g3 Qb5 20. b3 Rc8 21. Rc1 Bb8 22. f3 a5 23. Kf2 e5 24. Qg5 Ng6 25. h4 h6 26. Qg4 Re8 27. h5 Nf8 28. f4 exf4 29. Nxf4 Bxf4 30. gxf4 Qd3 31. Qf3 Qd2+ 0-1

[Event "Solta op 7th"]
[Site "Grohote"]
[Date "2024.07.06"]
[Round "8"]
[White "Boric, Jakov"]
[Black "Gaspar, Zdravko"]
[Result "1-0"]
[WhiteElo "2008"]
[BlackElo "1656"]
[PlyCount "53"]
[EventDate "2024.06.29"]
[EventType "swiss"]
[EventRounds "9"]
[EventCountry "CRO"]
[SourceTitle "CBM 221 Extra"]
[Source "ChessBase"]
[SourceDate "2024.09.30"]
[SourceVersion "1"]
[SourceVersionDate "2024.09.30"]
[SourceQuality "1"]

1. d4 d5 2. c4 c6 3. Nf3 Bg4 4. Ne5 Bf5 5. Nc3 Nf6 6. Qb3 Qb6 7. c5 Qxb3 8. axb3 Nbd7 9. Nxd7 Bxd7 10. Bf4 Nh5 11. Bg3 h6 12. b4 Bf5 13. e3 e6 14. Be2 Nf6 15. b5 Be7 16. b4 0-0 17. bxc6 bxc6 18. Ba6 Nh5 19. Bc7 Bd8 20. Bd6 Re8 21. Bb7 Be7 22. Bxa8 Bxd6 23. Bxc6 Rd8 24. cxd6 Bd3 25. d7 a6 26. b5 axb5 27. Ra8 1-0

[Event "Dubrovnik Advent op"]
[Site "Dubrovnik"]
[Date "2023.12.01"]
[Round "2"]
[White "Drazic, Sinisa"]
[Black "Boric, Jakov"]
[Result "1/2-1/2"]
[WhiteElo "2264"]
[BlackElo "1966"]
[PlyCount "155"]
[EventDate "2023.12.01"]
[EventType "swiss"]
[EventRounds "6"]
[EventCountry "CRO"]
[SourceTitle "CBM 217 Extra"]
[Source "ChessBase"]
[SourceDate "2024.01.31"]
[SourceVersion "1"]
[SourceVersionDate "2024.01.31"]
[SourceQuality "1"]

1. d4 d5 2. Bg5 h6 3. Bh4 Nd7 4. e3 Ngf6 5. c4 c6 6. cxd5 cxd5 7. Nc3 e6 8. Bd3 Be7 9. f4 Ne4 10. Bxe7 Nxc3 11. Bxd8 Nxd1 12. Rxd1 Kxd8 13. Nf3 b6 14. Rc1 Bb7 15. Bb5 f6 16. Ke2 Nb8 17. Rc3 a6 18. Ba4 b5 19. Bb3 Nc6 20. Rhc1 Kd7 21. Ne1 Rhc8 22. Nd3 Kd6 23. Nc5 Rab8 24. a3 Rc7 25. Ba2 a5 26. Kd2 b4 27. R3c2 Rbc8 28. Bb3 Nd8 29. axb4 axb4 30. Ra1 Bc6 31. Ra6 Ra8 32. Rc1 Rxa6 33. Nxa6 Rb7 34. Ra1 e5 35. Nc5 Rb6 36. fxe5+ fxe5 37. Ra6 Rb8 38. Ba4 exd4 39. exd4 Kc7 40. Ne6+ Kd7 41. Nxd8 Bxa4 42. Nf7 Bb5 43. Ne5+ Kc7 44. Rg6 Rg8 45. g4 Be8 46. Re6 Rf8 47. Ke3 h5 48. h3 hxg4 49. hxg4 g5 50. Re7+ Kc8 51. Rg7 Rf4 52. Rg8 Kd8 53. Nc6+ Kd7 54. Nxb4 Re4+ 55. Kd3 Rxg4 56. Nxd5 Kd6 57. Ne3 Bb5+ 58. Kc3 Rg3 59. Kd2 Bd7 60. Rg6+ Kc7 61. b4 g4 62. Nd5+ Kb7 63. Rb6+ Ka7 64. Rd6 Bf5 65. Ne3 Be4 66. d5 Rg1 67. Rd7+ Kb8 68. Re7 Bf3 69. Rf7 Rb1 70. Kc3 Bd1 71. d6 Rb3+ 72. Kd2 Rxb4 73. Nf5 Ba4 74. Kc3 Rf4 75. Rf8+ Ka7 76. Rf7+ Kb8 77. Rf8+ Ka7 78. Rf7+ 1/2-1/2

[Event "Hvar op"]
[Site "Hvar"]
[Date "2023.10.18"]
[Round "6"]
[White "Boric, Jakov"]
[Black "Grgurevic, Boris"]
[Result "1-0"]
[WhiteElo "1895"]
[BlackElo "2085"]
[PlyCount "87"]
[EventDate "2023.10.15"]
[EventType "swiss"]
[EventRounds "9"]
[EventCountry "CRO"]
[SourceTitle "CBM 216 Extra"]
[Source "ChessBase"]
[SourceDate "2023.11.30"]
[SourceVersion "1"]
[SourceVersionDate "2023.11.30"]
[SourceQuality "1"]

1. d4 g6 2. c4 Bg7 3. e4 d6 4. Nc3 Nc6 5. d5 Nd4 6. Be3 c5 7. Nge2 Qb6 8. Na4 Qa5+ 9. Bd2 Qa6 10. Nxd4 Bxd4 11. Nc3 Qb6 12. Bd3 Bg7 13. a4 Nf6 14. a5 Qd8 15. h3 0-0 16. 0-0 e6 17. f4 exd5 18. cxd5 Ne8 19. g4 f5 20. exf5 gxf5 21. g5 Nc7 22. Qf3 Bd7 23. Rfe1 Re8 24. Ne2 b5 25. axb6 axb6 26. Bc3 Qe7 27. Rxa8 Rxa8 28. Ng3 Qf7 29. Bxg7 Kxg7 30. Bxf5 Re8 31. Rxe8 Nxe8 32. Qe4 Kf8 33. h4 Nc7 34. Bxh7 Nxd5 35. f5 Nf6 36. Qa8+ Ne8 37. Bg6 Qb3 38. Qg2 Qd1+ 39. Kh2 Qg4 40. Qe4 Qd1 41. Bxe8 Bxe8 42. f6 Qd2+ 43. Ne2 Bf7 44. g6 1-0